[Event "BCF-chT4 0708 (4NCL) friendly repaired"]
[Site "England"]
[Date "2008.05.05"]
[Round "11"]
[White "Lai, Yi Ming"]
[Black "Payne, Louis"]
[Result "1-0"]
[WhiteElo "1765"]
[BlackElo "1460"]
[PlyCount "71"]
[EventDate "2007.10.27"]
[EventCountry "ENG"]
[SourceTitle "EXT 2009"]
[Source "ChessBase"]
[SourceDate "2008.11.26"]
[SourceVersion "1"]
[SourceVersionDate "2008.11.26"]
[SourceQuality "1"]
[WhiteTeam "Wales Old Boys"]
[BlackTeam "Halesowen"]
[WhiteTeamCountry "WLS"]
[BlackTeamCountry "ENG"]

1. e4 e6 2. d4 d5 3. Nc3 Bb4 4. Bd3 c5 5. dxc5 Bxc5 6. Bb5+ Nc6 7. exd5 a6 8. Bxc6+ bxc6 9. dxc6 Qxd1+ 10. Nxd1 Ne7 11. Be3 Bd6 12. Ne2 Nxc6 13. 0-0 0-0 14. c4 f5 15. Ndc3 f4 16. Bb6 f3 17. Nd4 Nxd4 18. Bxd4 fxg2 19. Kxg2 Bb7+ 20. f3 Rf5 21. Ne4 Bf4 22. Nc5 Bc8 23. Rae1 e5 24. Be3 Rh5 25. Rh1 Rb8 26. b3 Rb6 27. Bxf4 exf4 28. Re8+ Kf7 29. Rxc8 Rd6 30. Rc7+ Kg8 31. Ne4 Rd4 32. Re1 Re5 33. Rc8+ Kf7 34. Nd6+ Ke6 35. Re8+ Kxd6 36. R1xe5 1-0